Kêu gào tự do

Wedi'i Gadw mewn:
Manylion Llyfryddiaeth
Prif Awdur: Briley, John
Fformat: Llyfr
Iaith:Undetermined
Cyhoeddwyd: Thành phố Hồ Chí Minh Văn Nghệ 1999
Pynciau:
Tagiau: Ychwanegu Tag
Dim Tagiau, Byddwch y cyntaf i dagio'r cofnod hwn!
Thư viện lưu trữ: Trung tâm Học liệu Trường Đại học Cần Thơ
LEADER 00571nam a2200193Ia 4500
001 CTU_37476
008 210402s9999 xx 000 0 und d
020 |c 12000 
082 |a 896 
082 |b B857 
100 |a Briley, John 
245 0 |a Kêu gào tự do 
245 0 |c John Briley ; Huỳnh Kim Oanh (dịch) 
260 |a Thành phố Hồ Chí Minh 
260 |b Văn Nghệ 
260 |c 1999 
650 |a African literature,Văn học châu Phi 
904 |i Quang Hiếu (sửa) 
980 |a Trung tâm Học liệu Trường Đại học Cần Thơ